000 01157nam0a22002651 4500
001 RU\INFOCOMM_327\NLR\5000063377
005 20250613112603.0
035 _a(NLR Aleph) 009613922
090 _a9389653
_c9389653
100 _a20130318d1935 |||y0rusy50 ca
101 0 _ager
102 _aRU
105 _ay z |||||
200 1 _aˆ...‰ Die Typen der höheren Nerventätigkeit, ihr Zusammenhang mit Neurosen und Psychosen und der physiologische Mechanismus neurotischer und psychotischer Symptome
_eVortrag gehalten auf dem 2. internationalen neurologischen Kongress in London, August 1935
_fI. P. Pawlow Leningrad. Mitglied der Akademie der Wissenschaften der UdSSR
210 _aMoskau
_aLeningrad
_cStaatsverlag für biologische und medizinische Literatur
_d1935
215 _a8 с.
_d22 см
606 0 _aГоловной мозг
_xПатологическая физиология
_2nlr_sh1
606 0 _aПсихозы
_2nlr_sh1
620 _aМосква
700 1 _aPavlov
_bI. P.
_f1849-1936
_gIvan Petrovič
801 1 _aRU
_bInfocomm
_c20130318
801 0 _aRU
_bINFOCOMM
_gPSBO
852 _aNLR
_jD11/358
_y2 экз.
942 _cBOOK
980 _aNB